Central Library OPAC University of Rajshahi

Codified Hindu laws : (Record no. 52102)

MARC details
000 -LEADER
fixed length control field 01101nam a2200277 a 4500
001 - CONTROL NUMBER
control field 52102
003 - CONTROL NUMBER IDENTIFIER
rucl marc code BD-RjUL
005 - DATE AND TIME OF LATEST TRANSACTION
control field 20211209075744.0
008 - FIXED-LENGTH DATA ELEMENTS--GENERAL INFORMATION
fixed length control field 160906r19631960ii 001 0 eng d
035 ## - SYSTEM CONTROL NUMBER
System control number (BD-RjUL) 52222
040 ## - CATALOGING SOURCE
Original cataloging agency BMC
Transcribing agency BMC
Modifying agency EQO
-- BD-RjUL
Language of cataloging eng
041 ## - LANGUAGE CODE
Language code of text/sound track or separate title eng
082 ## - DEWEY DECIMAL CLASSIFICATION NUMBER
Edition number 23
Classification number 347.954
Author mark and year GOC 1963
100 1# - MAIN ENTRY--PERSONAL NAME
Personal name Gopalakrishnan, T. P.,
Dates associated with a name 1903-
9 (RLIN) 155832
245 10 - TITLE STATEMENT
Title Codified Hindu laws :
Remainder of title being commentaries on Hindu Marriage Act, Hindu Succession Act, Hindu Adoptions and Maintenance Act, and Hindu Minority and Guardianship Act ; with all unrepealed and repealed Acts pertaining to Hindu laws from 1850 to 1959. /
Statement of responsibility, etc. T. P. Gopalakrishnan
250 ## - EDITION STATEMENT
Edition statement 2nd ed.
260 ## - PUBLICATION, DISTRIBUTION, ETC. (IMPRINT)
Place of publication, distribution, etc. Allahabad :
Name of publisher, distributor, etc. Law Book Co,
Date of publication, distribution, etc. c1960 [Reprinted 1963]
300 ## - PHYSICAL DESCRIPTION
Pagination Various pagings ;
Size 25 cm.
500 ## - GENERAL NOTE
General note Includes index.
650 #0 - SUBJECT ADDED ENTRY--TOPICAL TERM
Topical term or geographic name as entry element Marriage (Hindu law)
9 (RLIN) 155833
Topical term or geographic name as entry element Inheritance and succession (Hindu law)
9 (RLIN) 148973
Topical term or geographic name as entry element Guardian and ward (Hindu law)
9 (RLIN) 155834
Topical term or geographic name as entry element Parent and child (Law)
Geographic subdivision India
9 (RLIN) 155835
Topical term or geographic name as entry element Adoption (Hindu law)
9 (RLIN) 155836
942 ## - ADDED ENTRY ELEMENTS (KOHA)
Source of classification or shelving scheme Dewey Decimal Classification
Koha item type Books
Holdings
Lost status Source of classification or shelving scheme Damaged status Not for loan Collection code Permanent Location Current Location Shelving location Date acquired Source of acquisition Cost, normal purchase price Total Checkouts Full call number Date last seen Copy number Koha item type
  Dewey Decimal Classification     Non-fiction Central Library, University of Rajshahi Central Library, University of Rajshahi   28/05/1964 Pakistan Law House 35.00   347.954 GOC 1963 06/09/2016 C-2 Books
  Dewey Decimal Classification   Not For Loan Non-fiction Central Library, University of Rajshahi Central Library, University of Rajshahi Reading Room 28/08/1973 Warsi Book Corp. 160.00   347.954 GOC 1963 11/10/2022 C-1 Books